000 01036nam a22002297a 4500
005 20110913152830.0
008 110913t xxu||||| |||| 00| 0 mar d
010 _aMAR-21301
020 _c80.00
_a9789380617183
035 _aMR-13959
037 _bDBAD/PUB
040 _aDPL
_bMR
082 _a891.461
100 _aवीरखडे,दिलीप
_934729
245 _aऐन पस्तिशीत /
_cदिलीप वीरखडे
246 _aAnn pastisit
_bby Dilip Veerkhade
260 _aश्रीरामपूर
_bशब्दालय प्रकाशन
_c2011
270 _bश्रीरामपूर
_e413709
_aपोस्टबॉक्स नं. 90,वार्ड नं. 7,
300 _a79पृ.
_c21सेमी(अजिल्द)
942 _2ddc
_cMR
_mवीरख
_h891.461
999 _c56620
_d56620